Złota piłka 2024 (top 10) - Statystyki

Ogólne statystyki
  • Ten quiz został rozwiązany 753 razy
  • Średni wynik to 5 z 10
Statystyki odpowiedzi
^⁠_⁠^ Odpowiedzi % Poprawnych
1. Rodri
95%
2. Vinicius
85%
6. Mbappe
71%
5. Haaland
60%
3. Bellingham
57%
8. Yamal
52%
4. Carvajal
43%
10. Kane
28%
7. Lautaro
21%
9. Kroos
19%
Nie znaleziono quizów pasujących do podanych kryteriów
Rozkład punktacji
Procent ludzi z każdym wynikiem
Percentyl według liczby udzielonych odpowiedzi
Twoja historia wyników
Nie rozwiązałeś tego quizu